00686nam a2200193Ia 450000500170000000800410001702000180005804000130007608200170008910000270010624500490013326000390018230000140022154600120023565000540024794200100030195201640031199900170047520251009114836.0231207s9999 xx 000 0 und d a9788182900783 cPK-LaNCA a781.745bBHA aBhalla, Deepti Omchery 0aVanishing temple artscDeepti Omchery Bhalla bShubhi PublicationsaHaryanac2006 a144pbill aEnglish aTemple music., Ritualistic music., Dance., Music. cMUSIC 0010406781_745000000000000_BHA_3216970927705aNCAbNCAcMusicology Sectiond2023-12-08l0o781.745 BHA 32169p32169r2023-12-08 00:00:00w2023-12-08yMUSIC c27705d27705